Mental tests / (Record no. 46304)
[ view plain ]
| 000 -LEADER | |
|---|---|
| fixed length control field | 00729nam a2200229ua 4500 |
| 001 - CONTROL NUMBER | |
| control field | 46304 |
| 003 - CONTROL NUMBER IDENTIFIER | |
| rucl marc code | BD-RjUL |
| 005 - DATE AND TIME OF LATEST TRANSACTION | |
| control field | 20211209054132.0 |
| 008 - FIXED-LENGTH DATA ELEMENTS--GENERAL INFORMATION | |
| fixed length control field | 160801r19491920enka 001 0 eng |
| 035 ## - SYSTEM CONTROL NUMBER | |
| System control number | (BD-RjUL)46422 |
| 040 ## - CATALOGING SOURCE | |
| Original cataloging agency | DLC |
| Transcribing agency | CarP |
| Modifying agency | BD-RjUL |
| Language of cataloging | eng |
| 041 ## - LANGUAGE CODE | |
| Language code of text/sound track or separate title | eng |
| 082 ## - DEWEY DECIMAL CLASSIFICATION NUMBER | |
| Edition number | 23 |
| Classification number | 153.93 |
| Author mark and year | BAM 1949 |
| 100 1# - MAIN ENTRY--PERSONAL NAME | |
| Personal name | Ballard, Philip Boswood |
| Dates associated with a name | 1865-1950. |
| 9 (RLIN) | 141398 |
| 245 00 - TITLE STATEMENT | |
| Title | Mental tests / |
| Statement of responsibility, etc. | Philip Boswood Ballard, |
| 260 ## - PUBLICATION, DISTRIBUTION, ETC. (IMPRINT) | |
| Place of publication, distribution, etc. | London : |
| -- | New York ; |
| Name of publisher, distributor, etc. | Hodder and Stoughton, ltd., |
| Date of publication, distribution, etc. | 1920 [reprint 1949] |
| 300 ## - PHYSICAL DESCRIPTION | |
| Pagination | ix, 235 p. : |
| Illustrations | ill. ; |
| Size | 19 cm. |
| 500 ## - GENERAL NOTE | |
| General note | includes index |
| 650 #0 - SUBJECT ADDED ENTRY--TOPICAL TERM | |
| Topical term or geographic name as entry element | Educational tests and measurements |
| 9 (RLIN) | 132190 |
| 856 41 - ELECTRONIC LOCATION AND ACCESS | |
| Uniform Resource Identifier | <a href="http://hdl.loc.gov/loc.gdc/scd0001.00213386463">http://hdl.loc.gov/loc.gdc/scd0001.00213386463</a> |
| 942 ## - ADDED ENTRY ELEMENTS (KOHA) | |
| Source of classification or shelving scheme | Dewey Decimal Classification |
| Koha item type | Books |
| Lost status | Source of classification or shelving scheme | Damaged status | Not for loan | Collection code | Permanent Location | Current Location | Shelving location | Date acquired | Source of acquisition | Cost, normal purchase price | Total Checkouts | Full call number | Date last seen | Copy number | Koha item type |
|---|---|---|---|---|---|---|---|---|---|---|---|---|---|---|---|
| Dewey Decimal Classification | Non-fiction | Central Library, University of Rajshahi | Central Library, University of Rajshahi | 05/04/1957 | Simarpkisn mahahall | 8.60 | 153.93 BAM 1949 | 01/08/2016 | C-2 | Books |